famous Welsh people - Statistics

General Stats
  • This quiz has been taken 21 times
  • The average score is 5 of 16
Answer Stats
known for roles Answer % Correct
Silence of the lambs, Noah Hannibal, Methuselah Anthony Hopkins
100%
Delilah, The Voice Uk Sex Bomb, Delilah, Its Unusual Tom Jones
100%
Zorro, Dad's army movie, married to Michael Douglas Elena Montero catherine zeta Jones
84%
Host on The One show, BBC not applicable Alex Jones
47%
Beauty and the beast, Pembrokeshire murders gaston, Steve Wilkins Luke Evans
47%
Passengers, Good Omens, Twilight new moon Arthur, Aziraphale, Aro Michael Sheen
37%
Lucifer, Miranda Lucifer, Gary Tom Ellis
37%
Kingsman, Eddie the eagle, Sing! Eggsy, Eddie Taron Egerton
32%
Harry Potter 7, Nanny Mcphee 2, elementary Xenophilius Lovegood, Mycroft Holmes Rhys Ifans
26%
Harrow, Titanic, fantastic 4, Hornblower Daniel Harrow,Harold lowe, Reed Richards, Hornblower Ioan Gruffudd
21%
Constantine, Legends of tomorrow John Constantine Matt Ryan
5%
A Discovery Of Witches, king Arthur, Pembrokeshire murders Peter Knox, pelagius, Gerard Elias QC Owen Teale
5%
The Outpost, Tenet, Elementary, Watchmen Marshall Withers, Stephen, Devin Gasper Andrew Howard
0%
The White Queen, Dunkirk, Adventurer curse of the midas box Richard III, Gibson, Mariah Mundi Aneurin Barnard
0%
The Pembrokeshire murders, Lily's dad John Cooper Keith Allen
0%
A Discovery of witches, Mr Selfridge, Baptiste, Quiz Baldwin Montclair, Victor Colleano, Adrian Pollock Trystan Gravelle
0%
No matching quizzes found
Score Distribution
Percent of People with Each Score
Percentile by Number Answered
Your Score History
You have not taken this quiz